00330nam a2200109Ia 4500008004100000082000800041100001500049245003800064942000600102952009700108999001500205240331s9999 xx 000 0 und d bLIP aLips, H.M. 0aSex and gender :ban introduction cL 001040708LaWERCLbWERCLcSSCd2024-03-31l0o 305.3 LIPp2015r2024-03-31w2024-03-31yL c1598d1598